| 000 | 02243cam a22003737a 4500 | ||
|---|---|---|---|
| 001 | 16566263 | ||
| 003 | OSt | ||
| 005 | 20221212110829.0 | ||
| 008 | 101203t20122009ohua 001 0 eng | ||
| 010 | _a 2010942304 | ||
| 020 | _a9781285868820 (instructor's ed. : hbk.) | ||
| 020 | _a128586882X (instructor's ed. : hbk.) | ||
| 040 |
_aDLC _beng _cLC _dOCLCQ _dDLC |
||
| 050 | 0 | 0 | _aHF5636.W33 |
| 100 | 1 |
_aWarren, Carl S. _9844 |
|
| 245 | 1 | 0 |
_aFinancial and managerial accounting. / _cCarl S. Warren, James M. Reeve, Jonathan E. Duchac. |
| 246 | 1 | 4 | _aFinancial & managerial accounting |
| 250 | _a13th ed. | ||
| 264 | 1 |
_aMason, Ohio: _bCengage Learning, _c2014. |
|
| 300 |
_axxxii, 1280 p. + (variuos pagings): _bcolor illustrations ; _c29 cm |
||
| 336 |
_atext _btxt _2rdacontent |
||
| 337 |
_aunmediated _bn _2rdamedia |
||
| 338 |
_avolume _bnc _2rdacarrier |
||
| 500 | _aIncludes indexes. | ||
| 505 | _aContents: Introduction to accounting and business -- Analyzing transaction -- The adjusting process -- Completing the accounting cycle -- Accounting for merchandising businesses -- Inventories -- Sarbanes-Oxley, internal control and cash -- Receivables -- Fixed assets and intangible assets -- Current liability and payroll -- Corporations: Organization, stock transactions, and dividends -- Long-term liabilities: bonds and notes -- Investments and fair value accounting -- Statements of cash flows -- Financial statement analysis -- Managerial accounting concepts and principles -- Job order costing -- Process cost systems -- Cost behavior and cost-volume-profit analysis -- Variable costing for management analysis -- budgeting -- Performance Evaluation using variances from standard costs -- Performance evaluation for decentralized operations -- Differential analysis and product pricing -- Capital investment analysis -- Cost allocation and activity-based costing -- Cost management for just-in-time environments | ||
| 650 | 0 |
_aAccounting. _962 |
|
| 650 | 0 |
_aManagerial accounting. _939 |
|
| 650 | 7 |
_aAccounting. _962 |
|
| 650 | 7 |
_aManagerial accounting. _939 |
|
| 700 | 1 |
_aReeve, James M., _9845 |
|
| 700 | 1 |
_aDuchac, Jonathan E. _9846 |
|
| 906 |
_a7 _bcbc _corignew _d3 _encip _f20 _gy-gencatlg |
||
| 942 |
_2lcc _cBK |
||
| 999 |
_c9349 _d16849 |
||